Normal view MARC view

Entry AUTORIDADES PERSONAS

Number of records used in: 3

001 - NÚMERO DE CONTROL

  • campo de control: 477

003 - CONTROL

  • campo de control: AR-BaSMT

005 - FECHA Y HORA DE LA ÚLTIMA TRANSACCIÓN

  • campo de control: 20260430162026.0

008 - ELEMENTOS LONGITUD FÍSICA

  • campo de control de longitud fija: 260430|| aca||aabn | a|a d

024 7# - OTROS INDICADORES NORMALIZADOS

  • Fuente: VIAF
  • Número estándar o código: http://viaf.org/viaf/71388503

040 ## - FUENTE DE CATALOGACIÓN

  • Agencia que cataloga: AR-BaSMT
  • Idioma de catalogación: spa
  • Norma: RDA

100 1# - ENCABEZAMIENTO-NOMBRE DE PERSONA

  • Nombre de persona: Cartwright, Stephen
  • Numeración: 1947-2004
  • Títulos y otros términos asociados al nombre: Autor personal

400 0# - TRAZADO DE VÉASE--NOMBRE DE PERSONA

  • Nombre de persona: Stephen Cartwright
  • Fecha asociada al nombre : 1947-2004.

Powered by Koha